Δρακιώτικα αφηγήματα
Saved in:
| Main Author: | |
|---|---|
| Format: | Book |
| Language: | Greek |
| Published: |
Αθήνα :
[Βεντούρας],
1986
|
| Subjects: | |
| Tags: |
Add Tag
No Tags, Be the first to tag this record!
|
MARC
| LEADER | 00000cam a2200000 i 4500 | ||
|---|---|---|---|
| 001 | 1/62019 | ||
| 008 | 040930s1986 gre d | ||
| 035 | |l 10074577 | ||
| 040 | |a GR-MY-UA |b gre |e aacr | ||
| 041 | 0 | |a gre | |
| 082 | 0 | |a 889.3 | |
| 100 | 1 | |a Χριστοδουλάκης, Χρήστος Δ., |d 1924-2005. | |
| 245 | 1 | 0 | |a Δρακιώτικα αφηγήματα / |c Χρήστου Χριστοδουλάκη |
| 260 | |a Αθήνα : |b [Βεντούρας], |c 1986 | ||
| 300 | |a 79 σ.; |c 21 εκ. | ||
| 650 | 0 | 0 | |a Greek literature, Modern |z Greece |z Samos (Municipality) |
| 651 | 0 | |a Samos (Greece : Municipality) |x History. | |
| 651 | 0 | |a Samos (Greece : Municipality) |x Social life and customs. | |
| 852 | |a INST |b SAMOS |e 20040930 |h 889.3 ΧΡΙ |p 005300023077 |q 005300023077 |t BK |y 0 | ||
| 901 | |a BIBL3-2004-3 | ||
| 909 | |a Σ |b 107571 | ||
| 970 | |a ΠΟΥΡΝΑΡΑΣ |b ΔΗΜΗΤΡΗΣ |z 2004/09/30 | ||